| 000 | 00832cab a2200229 4500 | ||
|---|---|---|---|
| 001 | ABS56469 | ||
| 008 | 090401t1997 xxu||||| |||| 00| 0 eng d | ||
| 035 | _a(Sirsi) u23861 | ||
| 041 | _aeng | ||
| 100 | _aGodfrey, E. | ||
| 245 | _aNew Labour - new PFI? | ||
| 260 | _c1997 | ||
| 350 | _a0 | ||
| 490 |
_aProperty Finance & Development _vJanuary 1997, 3-4(2) |
||
| 520 | _aExpresses the view that a Labour government will maintain the PFI, but will make changes to introduce project prioritisation, stated levels of public commitment, elimination of bureaucracy, a `public projects investment broker`, and a review of the allocation of risk. | ||
| 650 | _aLABOUR PARTY | ||
| 650 | _aPFI | ||
| 650 | _aPRIVATE FINANCE INTIATIVE | ||
| 690 | _aPROPERTY-PROPERTY FINANCE AND INVESTMENT | ||
| 942 | _n0 | ||
| 948 | _c04/03/1997 | ||
| 999 |
_c15974 _d15974 |
||